000 00737nam a2200205 a 4500
001 000028845
005 20240314073719.0
008 110329t1968 dr 000 0dspa d
040 _aDO-SdBNP
_bspa
_cBNPHU
082 _a923.27293
_bD812p
100 1 _aPérez, Carlos Federico,
_d1912-1984
_924849
245 1 0 _aDuarte :
_bideal y realidad /
_cCarlos Federico Pérez.
260 _aSanto Domingo :
_bPublicaciones del Instituto Duartiano,
_c1968.
300 _a60 p. ;
_c21 cm.
500 _aIncluye bibliografía y notas al pie de páginas.
600 1 0 _aDuarte, Juan Pablo,
_d1813-1876
_91494
651 4 _aRepública Dominicana
_xHistoria
_y1844-1930
_xFuentes
_938423
910 _aValidado. Control de calidad EMS.
049 _aBNPD
999 _c28337
_d28337